00367nam a22001337a 450000500170000000800410001704000070005804100120006508200210007710000250009824500360012326000400015965000340019920241228124807.0241221b ||||| |||| 00| 0 eng d cAL aEnglish 223a348.04bEASS aEastern Book Company aSupreme Court Cases 2006: Vol 5 aLucknowbEastern Book Companyc2006 aMode of Citation (2006) 5 SCC